Bilecik Bilecik Bilecik Bilecik Bilecik

Bıçağın ucu/ (Record no. 11599)

MARC details
000 -BAŞLIK
Sabit Uzunluktaki Kontrol Alanı 00961nam a22003497a 4500
001 - KONTROL NUMARASI
Control Dosyası 0011630
003 - KONTROL NUMARASI KİMLİĞİ
Kontrol Alanı KOHA_MİRAKIL
005 - EN SON İŞLEM TARİHİ ve ZAMANI
Kontrol Alanı 20260207001824.0
007 - FİZİKSEL TANIM SABİT ALAN - GENEL BİLGİ
Sabit uzunluklu kontrol alanı ta
008 - SABİT UZUNLUKTAKİ VERİ ÖGELERİ - GENEL BİLGİ
Sabit Alan 091215b1973 tu |||gr||||#0|||1|tur |
020 ## - ISBN - ULUSLARARASI STANDART KİTAP NUMARASI
Kullanılabilirlik koşulları 0,01
040 ## - KATALOGLAMA KAYNAĞI
Özgün Kataloglama Kurumu TR-BiSEU
Kataloglama Dili tur
Çeviri Kurumu TR-BiSEU
Açıklama Kuralları rda
041 0# - DİL KODU
Metin ya da ses kaydının dil kodu tur
044 ## - YAYINLAYAN/ÜRETEN KURULUŞUN ÜLKE KODU
ISO country code tu
050 ## - SINIFLAMA ve YER NUMARASI
Sınıflama Numarası PL248.I53
Yer Numarası B53 1973
100 1# - KİŞİ ADI
Yazar Adı (Kişi adı) İlhan, Attila.
245 1# - ESER ADI BİLDİRİMİ
Başlık Bıçağın ucu/
Sorumluluk Bildirimi Attila İlhan ; Attila İlhan.
250 ## - BASIM BİLDİRİMİ
Basım Bildirimi
264 #1 - ÜRERİM, YAYIN, DAĞITIM ve TELİF BİLDİRİMİ
Yayın yeri Ankara :
Yayınlayan Bilgi
Yayın tarihi 1973
300 ## - FİZİKSEL TANIMLAMA
Sayfa, Cilt vb. 472 sayfa; 20 cm.
336 ## - İÇERİK TÜRÜ
Content type term metin
Content type code txt
Source rdacontent
337 ## - MEDYA TÜRÜ
Media type term aracısız
Media type code n
Source rdamedia
338 ## - TAŞIYICI TÜRÜ
Carrier type term cilt
Carrier type code nc
Source rdacarrier
490 1# - DİZİ BİLDİRİMİ
Dizi Bildirimi Bilgi Yayınları ;
Cilt Numarası 183.
490 1# - DİZİ BİLDİRİMİ
Dizi Bildirimi Aynanın İçindekiler ;
Cilt Numarası 1.
490 1# - DİZİ BİLDİRİMİ
Dizi Bildirimi Roman Dizisi ;
Cilt Numarası 58.
830 1# - SERİ EK GİRİŞİ - TEKBİÇİM ESER ADI
Tekbiçim Başlık Bilgi Yayınları ;
Volume number/sequential designation 183.
9 (RLIN) 9867
830 1# - SERİ EK GİRİŞİ - TEKBİÇİM ESER ADI
Tekbiçim Başlık Aynanın İçindekiler ;
Volume number/sequential designation 1.
9 (RLIN) 28339
830 1# - SERİ EK GİRİŞİ - TEKBİÇİM ESER ADI
Tekbiçim Başlık Roman Dizisi ;
Volume number/sequential designation 58.
9 (RLIN) 14311
907 ## - LOCAL DATA ELEMENT G, LDG (RLIN)
a Roman
942 ## - EK GİRİŞ ÖGELERİ (KOHA)
Source of classification or shelving scheme Library of Congress Classification
Koha item type Book
Holdings
Materyal Türü Kalıcı Konum Mevcut Konum Raf Yeri Sınıflandırma Kaynağı Edinim Bilgisi Ana Konular Alt Konular Yer Numarası Demirbaş Numarası Fatura Tarihi Geri Çekilme Durumu Kayıp Durumu Hasarlı Durumu Kredi için değil Kayıt Tarih Toplam Ödünçverme Son Görülme Tarihi Son Kontrol Tarihi Genel / Bağış Notu
Book Prof. Dr. Azmi Özcan Kütüphanesi Prof. Dr. Azmi Özcan Kütüphanesi Birûni Salonu Library of Congress Classification Bağış DİL VE EDEBİYAT Doğu Asya, Afrika, Okyanusya Dilleri ve Edebiyatları PL248.I53 B53 1973 0011630 13/08/2010         15/12/2009 6 05/12/2024 05/12/2024 Genel Bağış